God's law of first things / (Record no. 4211)

MARC details
000 -LEADER
fixed length control field 01461cam a22003494a 4500
001 - CONTROL NUMBER
control field 13730843
003 - CONTROL NUMBER IDENTIFIER
control field OSt
005 - DATE AND TIME OF LATEST TRANSACTION
control field 20181130155221.0
008 - FIXED-LENGTH DATA ELEMENTS--GENERAL INFORMATION
fixed length control field 040927r20042000cau 000 0 eng
010 ## - LIBRARY OF CONGRESS CONTROL NUMBER
LC control number 2004022719
020 ## - INTERNATIONAL STANDARD BOOK NUMBER
International Standard Book Number 0830727752 (pbk.)
040 ## - CATALOGING SOURCE
Original cataloging agency DLC
Transcribing agency DLC
Modifying agency DLC
042 ## - AUTHENTICATION CODE
Authentication code pcc
050 00 - LIBRARY OF CONGRESS CALL NUMBER
Classification number BV772
Item number .H37 2004
082 00 - DEWEY DECIMAL CLASSIFICATION NUMBER
Classification number 248.6
Edition number 22
Item number H417G
100 1# - MAIN ENTRY--PERSONAL NAME
Personal name Hayes, Mike
Fuller form of name (S. Michael)
245 10 - TITLE STATEMENT
Title God's law of first things /
Statement of responsibility, etc. Mike Hayes.
250 ## - EDITION STATEMENT
Edition statement Regal Books ed.
260 ## - PUBLICATION, DISTRIBUTION, ETC.
Place of publication, distribution, etc. Ventura, Calif. :
Name of publisher, distributor, etc. Regal Books,
Date of publication, distribution, etc. 2004.
300 ## - PHYSICAL DESCRIPTION
Extent 110 p. ;
Dimensions 22 cm.
505 0# - FORMATTED CONTENTS NOTE
Formatted contents note Qualified to be multiplied -- The God who is first -- The law of first things -- Fulfilling a promise -- Dealing with Achan -- The lamb and the scapegoat -- The New Covenant -- The proof is in the paycheck -- How great the commission -- Redemptive work in progress.
650 #0 - SUBJECT ADDED ENTRY--TOPICAL TERM
Topical term or geographic name entry element Christian giving.
650 #0 - SUBJECT ADDED ENTRY--TOPICAL TERM
Topical term or geographic name entry element Christian stewardship.
650 #0 - SUBJECT ADDED ENTRY--TOPICAL TERM
Topical term or geographic name entry element Finance, Personal
General subdivision Religious aspects
-- Christianity.
650 #0 - SUBJECT ADDED ENTRY--TOPICAL TERM
Topical term or geographic name entry element Tithes.
650 #0 - SUBJECT ADDED ENTRY--TOPICAL TERM
Topical term or geographic name entry element Christian life.
700 1# - ADDED ENTRY--PERSONAL NAME
Personal name Hayes, Mike
Fuller form of name (S. Michael).
Title of a work When God is first.
856 41 - ELECTRONIC LOCATION AND ACCESS
Materials specified Table of contents
Uniform Resource Identifier <a href="http://www.loc.gov/catdir/toc/ecip051/2004022719.html">http://www.loc.gov/catdir/toc/ecip051/2004022719.html</a>
906 ## - LOCAL DATA ELEMENT F, LDF (RLIN)
a 7
b cbc
c orignew
d 1
e ecip
f 20
g y-gencatlg
942 ## - ADDED ENTRY ELEMENTS (KOHA)
Source of classification or shelving scheme Dewey Decimal Classification
Koha item type Books
Holdings
Withdrawn status Lost status Source of classification or shelving scheme Damaged status Not for loan Collection code Home library Current library Shelving location Date acquired Cost, normal purchase price Total Checkouts Full call number Barcode Date last seen Price effective from Koha item type
    Dewey Decimal Classification   Not For Loan Non-fiction Harvest Mission College Harvest Mission College General Stacks 30.11.2018 190.00   248.6 H417G 004803 30.11.2018 30.11.2018 Books

OPAC Designed and Maintained by HMC Library Team.
Copyright © HMC Library,Greater Noida, UP.
For any Suggestions/Query Contact library via Email:libhmc@gmail.com